000 00513nam a2200193Ia 4500
005 20260120131244.0
008 008 260114s9999 xx 000 0 eng d
020 _a9780199086368
037 _aEBOOK
040 _aCRL
_beng
_cCRL
041 _aeng
_2eng
084 _qCRL
100 _aKhair
_9924810
245 4 _aThe New Xenophobia
260 _bOxford University PressOxford University Press
_c2016
856 _uhttps://academic.oup.com/book/1425
942 _cEBOOK
999 _c1516724
_d1516724